Classic Progressive Rock Artists - Statistics

General Stats
  • This quiz has been taken 758 times
  • The average score is 9 of 20
Answer Stats
Hint Answer % Correct
Roundabout Yes
87%
Echoes Pink Floyd
84%
21st Century Schizoïd Man King Crimson
78%
Carry on Wayward Son Kansas
76%
Thick As a Brick Jethro Tull
75%
The Cinema Show Genesis
67%
Tarkus Emerson Lake and Palmer
65%
Xanadu Rush
62%
Crime of the Century Supertramp
47%
Lady Fantasy Camel
41%
Three Friends Gentle Giant
38%
A Plague of Lighthouse Keepers Van der Graaf Generator
32%
The Grand Illusion Styx
29%
Kobaïa Magma
21%
Radio Gnome Invisible Gong
20%
Ace of Wands Steve Hackett
15%
The Four Horsemen Aphrodite's Child
14%
What Goes Up The Alan Parsons Project
14%
Mother Russia Renaissance
13%
A Louse Is Not a Home Peter Hammill
8%
No matching quizzes found
Score Distribution
Percent of People with Each Score
Percentile by Number Answered
Your Score History
You have not taken this quiz